Centra handlowe w Krakowie - Statystyki

Ogólne statystyki
  • Ten quiz został rozwiązany 131 razy
    24 od ostatniego zresetowania
  • Średni wynik to 9 z 26
Statystyki odpowiedzi
Lata istnienia Odpowiedź % Poprawnych
od 2009 Bonarka City Center
100%
od 2006 Galeria Krakowska
100%
od 2013 Galeria Bronowice
89%
od 2017 Centrum Serenada
84%
od 2005 Galeria Kazimierz
84%
od 2001 M1 Kraków
74%
2001-2021 Galeria Plaza
63%
1997-2026(?) C.H. Krokus
47%
od 1997 Zakopianka Park Handlowy
42%
od 2002 C.H. Nowe Czyżyny
37%
od 2011 Factory Kraków / Futura Park
37%
od 2021 Galeria Mozaika
37%
od ~1980 D.H. Wanda
26%
od 2017/2019/2021/2022 ATUT (Grażyny, Ruczaj, Złocień, Bielany, Galicyjska)
21%
od 2012 C.H. Dekada
21%
od ~2002 Pasaż Kapelanka
21%
od 2007 Solvay Park
21%
od 1969 Jubilat
16%
od 2005 Krakowskie Centrum Handlowo-Targowe / Tandeta
11%
od 2010 C.H. King Square
5%
1984-2003 D.H. Gigant
5%
od 2015 C.H. Lubostroń
0%
od 2025 Designer Outlet Kraków
0%
od ~1995 D.H. Mozart
0%
od 2017 Park Handlowy Na Lotnisku
0%
od 2017 Swoszowice Centrum
0%
Nie znaleziono quizów pasujących do podanych kryteriów
Rozkład punktacji
Procent ludzi z każdym wynikiem
Percentyl według liczby udzielonych odpowiedzi
Twoja historia wyników
Nie rozwiązałeś tego quizu od ostatniego zresetowania